| 000 | 00567nam a22001697a 4500 | ||
|---|---|---|---|
| 003 | NUST | ||
| 038 | _aNusrat Nadeem | ||
| 082 | _a200 | ||
| 100 |
_aSarwar, Maria _9120293 |
||
| 245 |
_aA BIPOLAR NEUTROSOPHIC OPTIMIZATION MODEL FOR A MEDICAL WASTE SUPPLY CHAIN NETWORK DESIGN/ _cMaria Sarwar, |
||
| 264 |
_aIslamabad, _bNBS NUST, _c2023. |
||
| 300 |
_aill, _b90,p: _c30,cm. |
||
| 650 |
_aMS-Operations and Supply Chain _9122989 |
||
| 700 |
_aSupervisor: Dr. Abdul Salam _9119943 |
||
| 856 | _u http://10.250.8.41:8080/xmlui/handle/123456789/41623 | ||
| 942 |
_2ddc _cSC |
||
| 999 |
_c607655 _d607655 |
||